000 00444nam a2200157 i 4500
001 45780
003 ES-MaACL
005 20230906161256.0
007 t|
008 030326s1970 sp ||||1| cat d
100 1 _aCondeminas, M.
_940138
245 1 4 _aEls exorcismes i Jacint Verdaguer /
_cM. Condeminas.
260 _aBarcelona :
_b[Comercial y Art. Gráficas],
_c1970.
300 _a122 p. ;
_c20 cm.
852 _aES-MaACL
_jC-51111
_bR.76129
999 _c45780
_d45780